000
00315nam a22001337a 4500
003
OSt
008
250213b |||||||| |||| 00| 0 eng d
041
_a
eng
100
_a
Vishwanath
_9
7139
245
_a
Engineering Mathematics
260
_a
New Delhi;
_b
Satya Prakashan
700
_a
Aggarwal, BM
_9
7140
942
_c
BK
999
_c
19371
_d
19371